000 00794nam a2200301Ia 4500
001 A0165
003 IT-RoPAU
008 130308s9999 xx 000 0 und d
040 _aIT-RoPAU
040 _cIT-RoPAU
041 _aFRANCESE
100 _aZaslawsky Denis
100 _gCodice Aut. SPICS: 13004
245 _aSophisme comme anomalie (Le)
245 _bPlaisir de Parler (Le)-Etudes de Sophistique Comparee
250 _a1a ed.
260 _aPARIS
260 _bMinuit
260 _c1986 [1° Ed.:1986 - Ed.Ling.Originale:1984]
300 _a"27 p. (prefazione: no ; testo: 27 [pagine: 173-199])"
500 _aSofisma Come Anomalia.
650 _aLINGUISTICA
650 _eCodice materia Spics: 3201
942 _cBK
957 _71
999 _c39557
_d39557
999 _bSI
999 _g1